Discurso del Excmo. Sr. Ministro de Estado de Italia, Barón de Sonnino, en la sesión del Parlamento italiano celebrada el 18 de diciembre de 1916. (Record no. 145136)

MARC details
000 -LEADER
campo de control de longitud fija 00539nam a2200157 4500
001 - NÚMERO DE CONTROL
campo de control 145136
003 - IDENTIFICADOR DE NÚMERO DE CONTROL
campo de control ES-MaACL
005 - FECHA Y HORA DE LA ÚLTIMA TRANSACCIÓN
campo de control 20230906201153.0
007 - CAMPO FIJO DE DESCRIPCIÓN FÍSICA--INFORMACIÓN GENERAL
campo de control de longitud fija t|
008 - DATOS DE LONGITUD FIJA--INFORMACIÓN GENERAL
campo de control de longitud fija 070214s1917 sp r ||||1| spa d
100 1# - ENTRADA PRINCIPAL--NOMBRE DE PERSONA
Nombre de persona Sonnino, Sidney
Títulos y otros términos asociados al nombre Barón de.
9 (RLIN) 107304
245 10 - MENCIÓN DEL TÍTULO
Título Discurso del Excmo. Sr. Ministro de Estado de Italia, Barón de Sonnino, en la sesión del Parlamento italiano celebrada el 18 de diciembre de 1916.
260 ## - PUBLICACIÓN, DISTRIBUCIÓN, ETC.
Lugar de publicación, distribución, etc. Barcelona :
Nombre del editor, distribuidor, etc. [s. n.],
Fecha de publicación, distribución, etc. 1917.
710 2# - ENTRADA AGREGADA--NOMBRE DE ENTIDAD CORPORATIVA
Nombre de entidad corporativa o nombre de jurisdicción como elemento de entrada Italia.
Unidad subordinada Parlamento.
9 (RLIN) 5320
852 ## - LOCALIZACIÓN
Ubicación ES-MaACL
Número de control de estantería 1510-F-19
Holdings
Estatus retirado Estado de pérdida Estado de daño No para préstamo Colección Biblioteca de origen Biblioteca actual Ubicación en estantería Fecha de adquisición Fuente de adquisición Total de préstamos Signatura topográfica completa Código de barras Visto por última vez Precio de reemplazo Tipo de ítem Koha
        Colección de folletos Biblioteca del Ateneo de Madrid Biblioteca del Ateneo de Madrid Depósito folletos 17/01/2008     1510-F-19 1151501 23/02/2023 23/02/2023 Folleto